000 00851nam a2200241Ia 4500
003 GCL
005 20240530095246.0
008 140319s9999 xx 000 0 ara d
020 _a8045017977
040 _aGCL /
_cGCL
082 0 4 _a720.962
_bق/س ق
100 1 _aسهير زكى حواس
245 1 0 _aالقاهرة الخديوية :
_bرصد وتوثيق عمارة وعمران القاهرة - منطقة وسط القاهرة /
_cسهير زكى حواس
250 _aالاولى
260 _aالقاهرة :
_bمركز التصميمات المعمارية ،
_c2002
300 _a334 ص ؛
_c32 سم
650 0 4 _aالحضارة المصرية
650 0 4 _aالعمارة
650 0 4 _aمصر - الاثار
650 0 4 _aالعمارة الاسلامية - مصر
650 0 4 _aالعمارة - مصر
942 _2ddc
_cBK
999 _c5533
_d5533